| 000 | 01269nam a2200313 a 4500 | ||
|---|---|---|---|
| 001 | 3091565 | ||
| 003 | OSt | ||
| 005 | 20170313131037.0 | ||
| 008 | 990111s1999 maua b 001 0 eng | ||
| 010 | _a 98072067 | ||
| 020 | _a0395920981 | ||
| 040 |
_aDLC _cDLC |
||
| 050 | 0 | 0 |
_aHF5635 _b.N33 1999 |
| 082 | 0 | 0 |
_a657 _221 |
| 245 | 0 | 0 |
_aFinancial & managerial accounting / _cBelverd E. Needles, Jr. ... [et al.]. |
| 246 | 3 | _aFinancial and managerial accounting | |
| 250 | _a5th ed. | ||
| 260 |
_aBoston : _bHoughton Mifflin Co., _cc1999. |
||
| 300 |
_axlvii, 1296 p. : _bcol. ill. ; _c29 cm. |
||
| 500 | _aRev. ed. of 2 separately published works: Financial & managerial accounting : a sole proprietorship approach / Belverd E. Needles, Jr. ... [et al.]. 4th ed. c1996. and Financial & managerial accounting : a corporate approach / Belverd E. Needles, Jr. ... [et al.]. 4th ed. c1996. | ||
| 504 | _aIncludes bibliographical references and indexes. | ||
| 650 | 0 | _aAccounting. | |
| 650 | 0 | _aManagerial accounting. | |
| 650 | 0 |
_aSole proprietorship _xAccounting. |
|
| 700 | 1 | _aNeedles, Belverd E. | |
| 906 |
_a7 _bcbc _corignew _d2 _eopcn _f19 _gy-gencatlg |
||
| 942 |
_2lcc _cBK |
||
| 999 |
_c256299 _d256298 |
||